Loading...
| Fine Arts - Classical Music | 5 | 14.00 | 2,900% | 120% | 620% |
| Fine Arts - Other | 5 | 14.00 | 720% | 260% | 660% |
| Fine Arts - Painting & Sculpture | 3 | 6.67 | 3,767% | 0% | 0% |
| History - American | 4 | 12.50 | 2,925% | 275% | 50% |
| History - European | 4 | 12.50 | 2,025% | 450% | 400% |
| History - Other | 6 | 8.33 | 0% | 400% | 300% |
| History - World | 3 | 6.67 | 1,200% | 200% | 0% |
| Literature - American | 4 | 10.00 | 2,125% | 0% | 400% |
| Literature - British | 2 | 0.00 | 0% | 0% | 0% |
| Literature - European | 5 | 20.00 | 3,960% | 340% | 520% |
| Literature - World | 4 | 12.50 | 2,025% | 275% | 450% |
| Mythology | 3 | 10.00 | 2,133% | 0% | 500% |
| Other | 6 | 13.33 | 4,050% | 433% | 283% |
| Philosophy | 2 | 10.00 | 0% | 0% | 700% |
| Religion | 6 | 15.00 | 3,767% | 700% | 150% |
| Science - Biology | 2 | 10.00 | 3,200% | 0% | 450% |
| Science - Chemistry | 5 | 20.00 | 3,960% | 460% | 380% |
| Science - Other | 5 | 8.00 | 0% | 260% | 340% |
| Science - Physics | 3 | 13.33 | 2,833% | 467% | 0% |
| Social Science | 5 | 12.00 | 4,220% | 340% | 180% |